000
00423nam a2200133Ia 4500
008
151001s9999||||xx |||||||||||||| ||und||
100
_a
द्वारकानाथ गोविंद वैद्य
245
_a
नारायण गणेश चंदावरकर
250
_a
1
260
_b
कर्नाटक पब्लिशिंग हाउस
260
_c
1937
300
_a
637
365
_b
8.5
999
_c
948670
_d
948667